| 000 | 01408nam2a22002411 4500 | ||
|---|---|---|---|
| 001 | rc\4468585 | ||
| 005 | 20130416164626.7 | ||
| 035 | _a(NLR Aleph) 008595185 | ||
| 090 |
_a8668756 _c8668756 |
||
| 100 | _a20130416g19681969|||y0rusy50 ca | ||
| 101 | 0 | _arus | |
| 102 | _aRU | ||
| 105 | _ay z ||||| | ||
| 200 | 0 |
_a[Секция 3] _fНауч. ред. канд. техн. наук Н.Г. Загоруйко |
|
| 210 | _d1968 [обл. 1969] | ||
| 215 | _a100 с. | ||
| 461 | 0 |
_1001rc\4468582 _12001#$aВычислительные системы$eМатериалы ко II Всесоюз. конференции по однородным вычислит. системам и средам, г. Москва$f[Ред. коллегия: ...Э.В. Евреинов (гл. ред.) и др.$gАН СССР. Сиб. отд-ние. Ин-т математики. Секция I]-$v[Секция 3] _98668739 _cНовосибирск _d1968- _f[Ред. коллегия: ...Э.В. Евреинов (гл. ред.) и др. _nБ. и. _oМатериалы ко II Всесоюз. конференции по однородным вычислит. системам и средам, г. Москва _tВычислительные системы _v[Секция 3] |
|
| 702 | 1 |
_aЗагоруйко _bН. Г. _4340 |
|
| 801 | 0 |
_aRU _bNLR _gpsbo |
|
| 801 | 1 |
_aRU _bELAR _2rusmarc |
|
| 852 |
_aNLR _j69-4/31397 |
||
| 942 | _cBOOK | ||
| 980 | _aNB | ||